000 00719cam a22002533a 4500
001 3767
003 PGUSA
005 20140828083038.0
008 030201s2003||||xxu|||||s|||||000 1 eng d
040 _aPGUSA
_beng
042 _adc
050 4 _aPR
100 1 _aTrollope, Anthony,
_d1815-1882
245 1 4 _aThe Man Who Kept His Money in a Box
_h[electronic resource] /
_cAnthony Trollope
260 _bProject Gutenberg,
_c2003
506 _aPublic domain in the USA.
516 _aElectronic text
653 _aShort stories
653 _aTravelers -- Fiction
653 _aBritish -- Europe -- Fiction
830 0 _aProject Gutenberg
_v3767
856 4 0 _uhttp://www.gutenberg.org/ebooks/3767
942 _cEB
999 _c233096
_d233096